<?xml version="1.0" encoding="UTF-8"?><?xml-stylesheet type="text/xsl" href="static/style.xsl"?><OAI-PMH xmlns="http://www.openarchives.org/OAI/2.0/" xmlns:xsi="http://www.w3.org/2001/XMLSchema-instance" xsi:schemaLocation="http://www.openarchives.org/OAI/2.0/ http://www.openarchives.org/OAI/2.0/OAI-PMH.xsd"><responseDate>2026-04-29T00:59:59Z</responseDate><request verb="GetRecord" identifier="oai:repisalud.isciii.es:20.500.12105/11262" metadataPrefix="marc">https://repisalud.isciii.es/rest/oai/request</request><GetRecord><record><header><identifier>oai:repisalud.isciii.es:20.500.12105/11262</identifier><datestamp>2024-09-27T09:46:20Z</datestamp><setSpec>com_20.500.12105_19604</setSpec><setSpec>com_20.500.12105_2051</setSpec><setSpec>col_20.500.12105_19605</setSpec></header><metadata><record xmlns="http://www.loc.gov/MARC21/slim" xmlns:dcterms="http://purl.org/dc/terms/" xmlns:doc="http://www.lyncode.com/xoai" xmlns:xsi="http://www.w3.org/2001/XMLSchema-instance" xsi:schemaLocation="http://www.loc.gov/MARC21/slim http://www.loc.gov/standards/marcxml/schema/MARC21slim.xsd">
   <leader>00925njm 22002777a 4500</leader>
   <datafield ind2=" " ind1=" " tag="042">
      <subfield code="a">dc</subfield>
   </datafield>
   <datafield ind2=" " ind1=" " tag="720">
      <subfield code="a">Bardaji, Alfredo</subfield>
      <subfield code="e">author</subfield>
   </datafield>
   <datafield ind2=" " ind1=" " tag="720">
      <subfield code="a">Leal, Manuel</subfield>
      <subfield code="e">author</subfield>
   </datafield>
   <datafield ind2=" " ind1=" " tag="720">
      <subfield code="a">Arrarte, Vicente</subfield>
      <subfield code="e">author</subfield>
   </datafield>
   <datafield ind2=" " ind1=" " tag="720">
      <subfield code="a">Garcia-Moll, Xavier</subfield>
      <subfield code="e">author</subfield>
   </datafield>
   <datafield ind2=" " ind1=" " tag="720">
      <subfield code="a">Pérez de Isla, Leopoldo</subfield>
      <subfield code="e">author</subfield>
   </datafield>
   <datafield ind2=" " ind1=" " tag="720">
      <subfield code="a">Bueno, Hector</subfield>
      <subfield code="e">author</subfield>
   </datafield>
   <datafield ind2=" " ind1=" " tag="260">
      <subfield code="c">2017</subfield>
   </datafield>
   <datafield ind2=" " ind1=" " tag="520">
      <subfield code="a">Real-world, country-specific studies of dual antiplatelet therapy (DAPT) duration among survivors of acute coronary syndrome (ACS) are important for improving long-term prognosis.&#xd;
To investigate DAPT duration after hospital discharge for ACS in Spain.&#xd;
Data from patients enrolled in the Spanish cohort of the EPICOR (long-tErm follow-up of antithrombotic management Patterns In acute CORonary syndrome patients) study (NCT01171404) were analyzed for changes to antithrombotic medication up to 2 years postdischarge according to index event diagnosis and patient characteristics. Deaths, coronary events, and bleeding events were analyzed over the same period. Overall, a high proportion of patients remained on DAPT at 2 years (53.1%). Among patients who experienced any on-treatment bleeding event, almost two-thirds remained on DAPT at the end of follow-up. Patients >65 years, diabetic, or those that were medically managed were more likely to continue with DAPT until 2 years following discharge. At 2 years, the incidence of bleeding events requiring hospitalization was low compared with the incidence of coronary events (1.4% vs 6.6%). There was a numerical reduction in coronary events, but no increase in bleeding events, with DAPT continuation compared with single antiplatelet therapy.&#xd;
More than half of patients in this unselected cohort study remained on DAPT at 2 years following discharge for ACS. Continuation with DAPT was greater among patients with additional cardiovascular risk factors, which suggests that treating physicians in Spain prioritizes ischemic risk reduction over bleeding risk in patients with ACS, according to patient's risk profile.</subfield>
   </datafield>
   <datafield ind1="8" ind2=" " tag="024">
      <subfield code="a">Cardiovasc Ther. 2017; 35(2):e12237</subfield>
   </datafield>
   <datafield ind1="8" ind2=" " tag="024">
      <subfield code="a">http://hdl.handle.net/20.500.12105/11262</subfield>
   </datafield>
   <datafield ind1="8" ind2=" " tag="024">
      <subfield code="a">27885830</subfield>
   </datafield>
   <datafield ind1="8" ind2=" " tag="024">
      <subfield code="a">10.1111/1755-5922.12237</subfield>
   </datafield>
   <datafield ind1="8" ind2=" " tag="024">
      <subfield code="a">Cardiovascular therapeutics</subfield>
   </datafield>
   <datafield ind2="0" ind1="0" tag="245">
      <subfield code="a">Extended dual antiplatelet therapy after acute coronary syndrome in Spain: Results from the EPICOR study.</subfield>
   </datafield>
</record></metadata></record></GetRecord></OAI-PMH>